Jan Dantyszek i jego medale

Titel: Jan Dantyszek i jego medale / Marjan Gumowski
Verfasser:
Veröffentlicht: Toruń : Nakł. Tow. Nauk., 1929
Umfang: 19 S. : Ill.
Format: Buch
Sprache: Polnisch
Schlagworte:
Kein Bild verfügbar
X
Lokale Klassifikation: 2 D 73 ; 32 4 G
alg: 10788646
001A    $03004:30-10-02 
001B    $01999:19-03-21 $t19:33:43.000 
001C    $03004:25-02-11 $t12:42:28.000 
001D    $03004:30-10-02 
001U    $0utf8 
001X    $00 
002@    $0Aay 
003@    $0107886464 
003O    $0175122328 $aOCoLC 
007A    $0107886464 $aHEB 
007T    $0Herdhh107886464 
010@    $apol 
011@    $a1929 
013H    $0z 
021A    $aJan Dantyszek i jego medale $hMarjan Gumowski 
028A    $#Gumowski, M. $#Gumowski, Marjan $#Gumowski, Maryan $7127880674 $8Gumowski, Marian$Z1881-1974 [Tp1] $9158409264 
033A    $pToruń $nNakł. Tow. Nauk. 
034D    $a19 S. 
034M    $aIll. 
037B    $aÜbers.: Johannes Dantiscus und seine Medaillen 
044K    $RVadian, Joachim $#Dantiskus, Johannes $#Dantyszec, Joan $#Dantiscus, Johannes $#Dantiscus, Joannes $#Dantiscus, Ioannes $#Dantiscus, Joannes de Curiis $#Dantiscanus, Johannes $#Dantisco, Joannes $#Dantisco, Juan $#Curiis Dantiscus, Joannes de $#Curiis, Johannes de $#Curiis, Johannes a $#Curiis, Joannes de $#Höfen, Johannes von $#Höfen, Johannes von $#Höfer, Johannes von $#Flachsbinder, Johannes von $#Flachsbinder, Johann $#Johannes  $#Johannes  $#Johannes  $#Johannes  $#Curiis, Johannes de $#Höfen, Johannes von $7119442086 $8Dantyszek, Jan$Z1485-1548 [Tp1] $9087781808 
045F    $a907.209438 $eDDC23BSB 
045F/01 $a907.2 
045F/03 $g438 
046R    $aAus: Zapiski Towarzystwa Naukowego w Toruniu ; 8 

lok: 10788646 24
101B    $005-12-02 $t19:10:45.097 
101C    $030-10-02 
145Z/01 $a2 D 73 
145Z/02 $a32 4 G 
101U    $0utf8 

exp: 10788646 24 1 #EPN
201B/01 $025-02-11 $t12:41:59.000 
201C/01 $030-10-02 
201U/01 $0utf8 
203@/01 $0177110643 
208@/01 $a25-02-11 $br 
209A/01 $aS 1286 $du $f050 $hS 1286 $x00 
209C/01 $aT 90.1611 $h90 1611 T 
209G/01 $a71646360 $x00 
247C/01 $8358050-7 Marburg, Bibliothek des Herder-Instituts Marburg $9102600961 

lok: 10788646 78

exp: 10788646 78 1 #EPN
201B/01 $019-04-17 $t19:05:29.000 
201U/01 $0utf8 
203@/01 $0794168868 
208@/01 $a12-11-16 $be 
209A/01 $a/ $f000 $x00 
237A/01 $aweiterführende Signatur(en): Herder-Institut: S 1286 
244Z/01 $2Trx $#Poola $#Lenkija $#Polija $#Polen Land $#Poland $#Lengyelország $#Poľsko $#Polsko $8--Trx--Polska$gkraj $x01 $9391345966 
244Z/01 $2Trx $8--Trx--Monographie $x02 $9391384546 
245Z/01 $a04.07 $x01 
247C/01 $82080>Marburg/Lahn, Herder-Institut, Forschungsbibliothek, Bibliographieportal $9336309341
LEADER 00000cam a22000002c 4500
001 107886464
003 DE-603
005 20210319193343.0
007 tu
008 021030s1929 xx |||| | u00||u|pol c
035 |a (DE-599)HEB107886464 
035 |a (OCoLC)175122328 
040 |a DE-603  |b ger  |c DE-603  |d DE-603 
041 |a pol 
082 0 4 |8 1\u  |a 907.209438  |q DE-101  |2 23/BSB 
085 |8 1\u  |b 907.2 
085 |8 1\u  |z 2  |s 438 
100 1 |a Gumowski, Marian  |d 1881-1974  |0 (DE-603)158409264  |0 (DE-588)127880674  |2 gnd 
245 0 0 |a Jan Dantyszek i jego medale  |c Marjan Gumowski 
264 1 |a Toruń  |b Nakł. Tow. Nauk.  |c 1929 
300 |a 19 S.  |b Ill. 
500 |a Übers.: Johannes Dantiscus und seine Medaillen 
500 |a Aus: Zapiski Towarzystwa Naukowego w Toruniu ; 8 
600 1 7 |a Dantyszek, Jan  |d 1485-1548  |0 (DE-588)119442086  |0 (DE-603)087781808  |2 gnd 
924 0 |9 Mb 50  |a (DE-603)177110643  |b DE-Mb50  |c HES  |d c  |g S 1286 
924 0 |9 2080  |a (DE-603)794168868  |b DE-2080  |c HES  |d d  |g /